000 00376 a2200121 4500
001 ART_38269
005 20260410161752.0
008 260409a
245 1 0 _aAplicación del principio de "ley penal más benigna"
100 1 _aSemachowicz, Esteban D.
700 1 _aBalestretti, Manuel E.
773 0 _tDoctrina tributaria
_g- Nº 414 (sep. 2014)
_wREV4296
999 _c19722
_d19722